Raising the bar (Record no. 112084)

MARC details
000 -LEADER
fixed length control field 00869cad a22002055a 4500
001 - CONTROL NUMBER
control field E152508
008 - FIXED-LENGTH DATA ELEMENTS--GENERAL INFORMATION
fixed length control field 110321q2010 xxk f 000 0 eng d
020 ## - INTERNATIONAL STANDARD BOOK NUMBER
International Standard Book Number 9781849170123
035 ## - SYSTEM CONTROL NUMBER
System control number (Sirsi) u152508
041 0# - LANGUAGE CODE
Language code of text/sound track or separate title eng
110 2# - MAIN ENTRY--CORPORATE NAME
Corporate name or jurisdiction name as entry element Historic Scotland
9 (RLIN) 2914
245 00 - TITLE STATEMENT
Title Raising the bar
Remainder of title an introduction to Scotland's historic pubs
Medium [electronic resource]
260 ## - PUBLICATION, DISTRIBUTION, ETC.
Place of publication, distribution, etc. [S.l.]
Name of publisher, distributor, etc. Historic Scotland
Date of publication, distribution, etc. [2010?]
520 ## - SUMMARY, ETC.
Summary, etc. Discusses various Scottish pub buildings and their architects. Highlights features which make them worthy of protection through listing.
590 ## - LOCAL NOTE (RLIN)
Local note KA
651 #4 - SUBJECT ADDED ENTRY--GEOGRAPHIC NAME
Geographic name Scotland
Chronological subdivision 1999-
690 ## - LOCAL SUBJECT ADDED ENTRY--TOPICAL TERM (OCLC, RLIN)
Topical term or geographic name as entry element PROPERTY-COMMERCIAL PROPERTY-LEISURE PROPERTY-ENTERTAINMENT PROPERTY
856 40 - ELECTRONIC LOCATION AND ACCESS
Uniform Resource Identifier <a href="https://www.historic-scotland.gov.uk/raising-the-bar-pubs-booklet.pdf">https://www.historic-scotland.gov.uk/raising-the-bar-pubs-booklet.pdf</a>
Public note View the item free of charge (PDF file) at www.historic-scotland.gov.uk
942 ## - ADDED ENTRY ELEMENTS (KOHA)
Suppress in OPAC 0
Holdings
Withdrawn status Lost status Source of classification or shelving scheme Damaged status Not for loan Home library Current library Shelving location Date acquired Total Checkouts Full call number Barcode Date last seen Copy number Price effective from Koha item type
    Dewey Decimal Classification     Virtual Virtual Online 21/03/2011   ONLINE PUBLICATION 152508-1001 06/08/2019 1 06/08/2019 Book